000 01256nam a2200253 a 4500
001 ASIN3848000415
003 OSt
005 20180116192424.0
008 140828s2012 xxu eng d
020 _a3848000415 (hardcover)
020 _a9783848000418 (hardcover)
040 _csada
082 _a745.2
_bMOD 2012
245 0 0 _aModern living accessories /
_cFremdkÖrper Studio Andrea Mehlhose.
250 _aMul ed.
260 _a[S.l.] :
_bH.F.Ullmann Publishing Gmbh,
_c2012.
300 _a512 p. ;
_c31 cm.
490 1 _aEnglish, french and german edition.
520 _aMany of the design objects included in Modern Living Accessories are famous design classics, such as Pietro Chiesa’s vase Cartoccio (1932), or outstanding creations by Finnish designer Tapio Wirkkalas from the late 1960s and early 1970s up to Jaime Hayon’s and his Cristal Candy series (2009) for Baccarat. This comprehensive sourcebook features them beautifully, with full descriptions of their historic relevance and design excellence.
650 _aInterior decoration accessories.
_97781
830 0 _aEnglish, french and german edition.
_97782
856 4 0 _3Amazon.com
_uhttp://www.amazon.com/exec/obidos/ASIN/3848000415/chopaconline-20
942 _2ddc
_cBK
999 _c354011
_d354011